00304nam a22001217a 4500082000900000100001700009245006100026260002900087300001800116526001800134650001100152700001900163 aT-34 aNaeem Akhtar aA feasibility study of soil for inundationcNaeem Akhtar aRisalpurbMCEc18-3-1996 a144p.:c40cm. a0b0c0dT_34 aThesis amuhammad jamil